000 00923 a2200217 4500
003 Nust
005 20230526125956.0
010 _a 82000343
020 _a0134694295 (pbk.)
020 _a0134694376
040 _cNust
082 0 0 _a004.6,HAL
100 1 _aHallgren, Richard C.
_995624
245 1 0 _aInterface projects for the TRS-80 /
_cRichard C. Hallgren.
260 _aEnglewood Cliffs, N.J. :
_bPrentice-Hall,
_c1982.
300 _a152 p. :
_bill. ;
_c24 cm.
505 _aIntroduction (Page-1), Review of Data Transfer Formats (Page-3), Sampling The External World (Page-19), Digital To Analog Conversion (Page-62), Utilization of the Mod III in Serial Applications (Page-68), Biofeedback (Page-84), Controlling a Video Playback Devices (Page-100), Data Analysis (Page-122).
650 0 _aComputer interfaces
_xAmateurs' manuals.
_9112699
650 0 _aTRS-80 computers.
_9112700
942 _2ddc
_cBK
_k004.6,HAL
999 _c176345
_d176345